01672cam a2200301 45000010005000000030006000050050017000110080041000280100017000690150014000860200015001000200025001150400023001400500019001630820013001821000034001952450101002292600031003303000025003615200707003866000051010936000055011446500030011996500028012296510058012576550031013156550024013466197FISKH20250327102415.0730503s1972 enk 000 1 eng  a 73156234  aB72-21101 a0002216574 a9780006499169c$6.00 aDLCcDLCdDLCbeng aPR6029.B55 P67 a823.914 1 aO'Brian, Patrick,d1914-2000.10aPost captain : bThis book set him at the very top of his genre' Mary Renault /cPatrick O'Brian aLondon : bCollins,c1972. a501 pages : c20 cm  aIn 1803, Napoleon smashes the Peace of Amiens, going to war once again. This is doubly alarming news for Captain Jack Aubrey, who is taking refuge in France from his creditors. He is interned but soon escapes from his French debtor's prison, fleeing across the French countryside to lead a ship into battle. After managing to avert a possible mutiny, he pursues his quarry straight into the mouth of a French-held harbor. Stephen Maturin's struggles, with himself as much as with a proud and intelligent woman, are woven into Aubrey's, straining their friendship at times to the breaking point. The high-seas excitement continues in this second installment of Patrick O'Brian's highly acclaimed series.10aAubrey, Jackc(Fictitious character)vFiction.10aMaturin, Stephenc(Fictitious character)vFiction. 0aShip physiciansvFiction. 0aShip captainsvFiction. 0aGreat BritainxHistory, Navaly19th centuryvFiction. 7aHistorical fiction.2gsafd 7aSea stories.2gsafd